000 00262nam a22001097a 4500
082 _a954/BAK
100 _aMaj Gen(Dr) GD Bakshi,SM,VSM
_983664
245 _a71 Dash to Dhaka
260 _aNew Delhi
_bKW Pub.
_c2020
650 _aIndian History
_9227
942 _cBK
999 _c68609
_d68609